Asian corporate recovery : Findings from firm-level surveys in five countries

Salvato in:
Dettagli Bibliografici
Natura: Libro
Lingua:Undetermined
Pubblicazione: Washington, D. C. The World Bank 2000
Soggetti:
Tags: Aggiungi Tag
Nessun Tag, puoi essere il primo ad aggiungerne! !
Thư viện lưu trữ: Trung tâm Học liệu Trường Đại học Cần Thơ
LEADER 00562nam a2200193Ia 4500
001 CTU_62894
008 210402s9999 xx 000 0 und d
082 |a 338.095 
082 |b A832 
245 0 |a Asian corporate recovery : 
245 0 |b Findings from firm-level surveys in five countries 
260 |a Washington, D. C. 
260 |b The World Bank 
260 |c 2000 
650 |a Economic conditions 
650 |x congresses 
650 |z Asia, southeastern 
904 |i Minh (Nguyênsửa) 
980 |a Trung tâm Học liệu Trường Đại học Cần Thơ